000 00519nam a22001817a 4500
005 20150410120317.0
010 _aENG-112466
020 _a9789381380086
_c500.00
035 _aEN-95998
037 _bDBAD/PUB
082 _a158
100 _aTarun Engineer
245 _aThink big become big /
_cby Tarun Engineer
260 _aNew Delhi
_bFusion Books
_c2011
270 _aX-30, Okhla Industrial Area, Phase-II,
_bNew Delhi.
_e110020
300 _a272p.
_c22cm(Hb)
942 _2ddc
_cEN
_mTAR
_h158
999 _c92705
_d92705